000 00562cam a22002291 4500
001 sa 65010679
003 DLC
005 20260227112210.0
008 890612s1962 ii 000 0 urdr
010 _asa 65010679
035 _a(OCoLC)19854678
040 _aDLC
_cWaU
_dDLC
042 _apremarc
050 0 0 _aBP75
_b.A5182
100 0 _aAhmad Said,
_d1887-1959.
245 1 0 _aRasūl-i Allāh.
260 _c[1962?]
300 _a128 p.
_c19 cm.
500 _aIn Urdu.
500 _aText partially vocalized.
600 0 0 _aMuḥammad,
_cProphet,
_d-632.
999 _c66871
_d66871